000 00585nam a2200169 i 4500
001 80816
003 ES-MaACL
007 t|
008 041029s1955 sp ||||1| spa d
100 1 _aHophan, Otto.
_964165
245 1 0 _aMaría, Nuestra Excelsa Señora /
_cOtto Hophan ; [traducido del alemán por Jerónimo Roos ; revisión religiosa, Vicente Franco].
260 _aMadrid :
_bParaninfo,
_c1955 (
_fArtes Gráficas C.I.M.)
300 _a453 p., 8 lám. ;
_c23 cm.
700 1 _aRoos, Jerónimo.
_999526
700 1 _aFranco, Vicente.
_952235
852 _aES-MaACL
_jC-9510
_bR.37472
999 _c80816
_d80816